LEADER 01529nam 2200517 450 001 9910809802403321 005 20230809233546.0 010 $a1-118-67562-2 010 $a1-118-67570-3 010 $a1-118-67560-6 035 $a(CKB)4330000000006744 035 $a(MiAaPQ)EBC4837322 035 $a(Au-PeEL)EBL4837322 035 $a(CaPaEBR)ebr11370563 035 $a(CaONFJC)MIL1005573 035 $a(OCoLC)983732078 035 $a(EXLCZ)994330000000006744 100 $a20170425h20172017 uy 0 101 0 $aeng 135 $aurcnu|||||||| 181 $2rdacontent 182 $2rdamedia 183 $2rdacarrier 200 10$aCellulose nanocrystals $eproperties, production, and applications /$fWadood Y. Hamad 210 1$aChichester, England :$cWiley,$d2017. 210 4$dİ2017 215 $a1 online resource (310 pages) $ccolor illustrations 225 1 $aWiley Series in Renewable Resource 311 $a1-119-96816-X 320 $aIncludes bibliographical references and index. 410 0$aWiley series in renewable resources. 606 $aCellulose$xChemistry 606 $aCellulose nanocrystals 606 $aNanocrystals 615 0$aCellulose$xChemistry. 615 0$aCellulose nanocrystals. 615 0$aNanocrystals. 676 $a661/.802 700 $aHamad$b Wadood Y.$01668533 801 0$bMiAaPQ 801 1$bMiAaPQ 801 2$bMiAaPQ 906 $aBOOK 912 $a9910809802403321 996 $aCellulose nanocrystals$94029191 997 $aUNINA LEADER 01479nam0 22003613i 450 001 VAN0267740 005 20240118025120.545 017 70$2N$a9781468487510 100 $a20231124d1973 |0itac50 ba 101 $aeng 102 $aUS 105 $a|||| ||||| 200 1 $aAxiomatic Set Theory$fG. Takeuti, W. M. Zaring 210 $aNew York$cSpringer-Verlag$d1973 215 $a238 p.$cill.$d24 cm 410 1$1001VAN0023579$12001 $aGraduate texts in mathematics$1210 $aNew York [etc.]$cSpringer$v8 606 $a03-XX$xMathematical logic and foundations [MSC 2020]$3VANC019750$2MF 606 $a03Exx$xSet theory [MSC 2020]$3VANC019939$2MF 610 $aForcing$9KW:K 610 $aProofs$9KW:K 610 $aSet Theory$9KW:K 620 $aUS$dNew York$3VANL000011 700 1$aTakeuti$bGaisi$3VANV216273$050858 701 1$aZaring$bWilson M.$3VANV220119$050859 712 $aSpringer $3VANV108073$4650 801 $aIT$bSOL$c20240614$gRICA 856 4 $uhttps://doi.org/10.1007/978-1-4684-8751-0$zE-book ? Accesso al full-text attraverso riconoscimento IP di Ateneo, proxy e/o Shibboleth 899 $aBIBLIOTECA DEL DIPARTIMENTO DI MATEMATICA E FISICA$1IT-CE0120$2VAN08 912 $fN 912 $aVAN0267740 950 $aBIBLIOTECA DEL DIPARTIMENTO DI MATEMATICA E FISICA$d08CONS e-book 7308 $e08eMF7308 20231127 996 $aAxiomatic Set Theory$93597352 997 $aUNICAMPANIA